000 00592nam a2200181 i 4500
001 79948
003 ES-MaACL
005 20230929062530.0
007 t|
008 041025s1957 sp ||||1| spa d
100 1 _aHill, John M.
_963704
245 1 0 _aUniversal vocabulario de Alfonso de Calencia
_b: registro de voces españolas internas /
_cpor John M. Hill.
260 _aMadrid :
_bReal Academia Española,
_c1957 (
_fS. Aguirre Torre)
300 _aVII, 212 p. ;
_c30 cm.
710 2 _aReal Academia Española
_96336
852 _aES-MaACL
_jE-6444
_bR.90639
999 _c79948
_d79948